L'ingegner fantasia : lettere a Ugo Betti, 1919-1930 /
I tiakina i:
| Kaituhi matua: | |
|---|---|
| Ētahi atu kaituhi: | , |
| Hōputu: | Pukapuka |
| Reo: | Itāriana |
| I whakaputaina: |
Milano :
Rizzoli,
1984
|
| Rangatū: | La scala
|
| Ngā Tūtohu: |
Kāore He Tūtohu, Me noho koe te mea tuatahi ki te tūtohu i tēnei pūkete!
|
MARC
| LEADER | 00000nam a22000007i 4500 | ||
|---|---|---|---|
| 001 | IT\ICCU\SBL\0609440 | ||
| 003 | ItRI | ||
| 005 | 20260115231902.0 | ||
| 008 | 910930s1984 it |||||| ||||| |||||c | ||
| 015 | |2 IT |a 84-14091 | ||
| 020 | |a 8817663808 | ||
| 040 | |b ita |c importazione bologna sebina | ||
| 041 | 7 | |a ita |2 ISO-639-2 | |
| 082 | |a 853.914 |9 NARRATIVA ITALIANA, 1945-1999 |2 23 | ||
| 100 | 1 | |a Gadda, Carlo Emilio |0 IT\ICCU\CFIV\000056 |4 aut | |
| 240 | 1 | 2 | |a L'ingegner fantasia |3 IT\ICCU\BVE\0915368 |9 Gadda, Carlo Emilio |
| 245 | 1 | 2 | |a L'ingegner fantasia : |b lettere a Ugo Betti, 1919-1930 / |c Carlo Emilio Gadda ; a cura di Giulio Ungarelli. |
| 260 | |a Milano : |b Rizzoli, |c 1984 | ||
| 300 | |a 143 p., [4] carte di tav. : |b ill. ; |c 22 cm | ||
| 700 | 1 | |a Betti, Ugo |0 IT\ICCU\RAVV\029888 | |
| 700 | 1 | |a Ungarelli, Giulio |0 IT\ICCU\RAVV\023961 | |
| 790 | 1 | |a Gada, Karlo Emilio |3 IT\ICCU\SBNV\057684 |z Gadda, Carlo Emilio | |
| 790 | 1 | |a Mpetti, Ounko |3 IT\ICCU\PUVV\322820 |z Betti, Ugo | |
| 790 | 1 | |a Mpetti, Unko |3 IT\ICCU\PUVV\322821 |z Betti, Ugo | |
| 830 | 3 | |a La scala |0 IT\ICCU\CFI\0000061 | |
| 942 | |2 ddc |c BK |n 0 | ||
| 952 | |0 0 |1 0 |4 0 |6 DOC_856_912000000000000_GAD |7 0 |9 15310 |a BO |b BO |d 2026-01-15 |i 607 |l 0 |o DOC 856.912 GAD |p BO607 |r 2026-01-15 23:19:02 |w 2026-01-15 |x [Sebina 5] [1 v.] |y BK |z 1 v. | ||
| 999 | |c 13182 |d 13182 | ||